| 000 | 01042nam a2200361 c 4500 | ||
|---|---|---|---|
| 001 | |||
| 003 | DO-SdBNP | ||
| 005 | 20240730120611.0 | ||
| 008 | 170403s2006 sp a| 000 1 spa | ||
| 020 | _a 9788496566187 | ||
| 040 |
_aBPMSU _bspa _cBPMSU _e |
||
| 080 | _a | ||
| 082 |
_a863.6 _bB173c 2006 _222 |
||
| 100 | 1 |
_aBalbuena, Luis _d1945- _0 |
|
| 245 | 1 | 0 |
_aCuentos del cero / _cLuis Balbuena Castellano |
| 260 |
_aMadrid : _bNivola Libros y Ediciones, _c2006 |
||
| 300 |
_a93 p.: _bil. ; _c21 cm |
||
| 336 |
_aTexto (visual) _2isbdcontent |
||
| 337 |
_asin mediación _2isbdmedia |
||
| 490 | 0 |
_aVioleta, _v10 |
|
| 521 | _aRecomendado a partir de 11 años. | ||
| 590 |
_aInventariado, 2024/VM _6 |
||
| 648 | _a | ||
| 650 | 4 | _aCuentos infantiles españoles | |
| 650 | 4 |
_aGeometría _vCuentos infantiles |
|
| 650 | 4 | _aMatemáticas recreativas | |
| 655 | 7 |
_aLibros infantiles _2tgfbne |
|
| 655 | 4 |
_aLibros ilustrados _2 |
|
| 655 | 4 | _2 | |
| 910 | _aVMateo V.Control de calidad. BPMSU | ||
| 942 |
_2ddc _cBK |
||
| 956 | _a | ||
| 999 |
_c14758 _d14758 |
||